Evan Lin

Woodland


Categories

Literature - European65001404066.3601
Literature - British1700855990.6301
Literature - American3400854475.7101
Fine Arts - Music0800806591.1300
Literature - World and Miscellaneous2500804268.7102
Science - Physics0800805983.6301
History - European2400702683.1701
History - World1500651695.5001
History - Cross, Historiography, and Miscellaneous2300606481.8000
Other - Other Academic and General Knowledge2200504783.2501
Science - Biology1200356882.6700
History - American0300306695.3300
Fine Arts - Painting1100255966.0000
Fine Arts - Opera1100257790.0000
RMP - Philosophy02002099115.5000
Science - Chemistry020020112112.0000
Social Science - Psychology1000155454.0000
Geography - United States1000153636.0000
Science - Math1000154545.0000
Geography - Europe0100109292.0000
RMP - Christian Practice010010126126.0000
RMP - East Asian Religion010010134134.0000
RMP - Hebrew Bible010010131131.0000
RMP - Islam010010124124.0000
Science - Computer Science010010115115.0000
Fine Arts - Architecture010010126126.0000
RMP - Buddhism010010104104.0000
Fine Arts - Sculpture0100107575.0000
RMP - World Mythology0100107878.0000
Science - Astronomy010010112112.0000
Fine Arts - Miscellaneous0100109393.0000
RMP - Jewish Practice000000.0000
Fine Arts - Jazz000000.0000
Current Events - World000000.0000

Buzzes

History - WorldKim2016
History - EuropeanMinoan civilization2026
Geography - United StatesHouston, Texas2036
Literature - EuropeanFrançois Rabelais2040
Literature - European“The Overcoat”2041
Literature - World and MiscellaneousLatin America2042
Literature - American“Song of Myself”2044
Science - MathLeonhard Euler2045
Literature - EuropeanDeath in Venice2046
History - EuropeanAlexander II2047